[Event "IX Chess Masters Final 2016"]
[Site "Bilbao"]
[Date "2016.07.23"]
[Round "10"]
[White "Karjakin, Sergey"]
[Black "Wei, Yi"]
[Result "1/2-1/2"]
[WhiteElo "2773"]
[BlackElo "2696"]
[PlyCount "52"]
[EventDate "2016.??.??"]
[EventCountry "ESP"]
[SourceTitle "playchess.com"]
[Source "ChessBase"]

1. Nf3 d5 2. d4 Nf6 3. Bf4 Bf5 4. e3 e6 5. c4 Bxb1 6. Rxb1 Bb4+ 7. Ke2 dxc4 8.
Qa4+ Nc6 9. Ne5 Nd5 (9... Bd6 10. Nxc6 Qd7 11. Qxc4 bxc6 12. g3 Bxf4 13. gxf4
Qd5 14. Qxd5 cxd5 {0-1 (65) Semeniuk,A (2474)-Iskusnyh,S (2533) Tomsk 2001})
10. Nxc6 Qd7 11. Rc1 (11. Bg3 a5 12. a3 Bd6 13. Qxc4 Qxc6 14. Qxc6+ bxc6 15.
Rc1 Rb8 16. Rc2 Kd7 17. Kf3 Nb6 18. Be2 Na4 19. Rhc1 Nxb2 20. Rxc6 Ke7 21.
Bxd6+ cxd6 22. Rc7+ Kf6 23. Ra7 a4 24. Rcc7 Rhf8 25. Rab7 Kg6 26. Kg3 d5 27.
Rxf7 Rxf7 28. Rxb8 Nc4 29. Bxc4 dxc4 30. Rb4 Ra7 31. Rxc4 Kf6 32. Kf4 Ra5 33.
h4 Ra6 {1-0 (33) Wojtaszek,R-Dong,V Menorca 1996}) 11... bxc6 12. Rxc4 Rb8 13.
Qxc6 Nxf4+ 14. exf4 Bd6 15. b3 Bxf4 16. Qxd7+ Kxd7 17. d5 Bd6 18. dxe6+ Kxe6
19. Ra4 Kf6 20. Kf3 Rb4 21. Rxb4 (21. Rxa7 Rf4+ 22. Ke3 Re8+ 23. Kd2 (23. Kd3
Re1 $19) 23... Rxf2+ $19) 21... Bxb4 22. Bd3 Rd8 23. Ke2 Re8+ 24. Kf3 Rd8 25.
Ke2 Re8+ 26. Kf3 Rd8 1/2-1/2

[Event "IX Chess Masters Final 2016"]
[Site "Bilbao"]
[Date "2016.07.23"]
[Round "10"]
[White "So, Wesley"]
[Black "Carlsen, Magnus"]
[Result "1/2-1/2"]
[WhiteElo "2770"]
[BlackElo "2855"]
[PlyCount "75"]
[EventDate "2016.??.??"]
[EventCountry "ESP"]
[SourceTitle "playchess.com"]
[Source "ChessBase"]

1. d4 Nf6 2. c4 e6 3. Nf3 d5 4. Nc3 Bb4 5. Bg5 h6 6. Bxf6 Qxf6 7. e3 O-O 8. Rc1
dxc4 9. Bxc4 c5 10. O-O cxd4 11. Nxd4 Bd7 12. Qb3 Nc6 13. Nxc6 Bxc3 14. Qxb7
Bxc6 15. Qxc6 Bxb2 16. Rc2 Rac8 (16... Rfc8 17. Qe4 Qe5 18. Bd3 Qxe4 19. Bxe4
Rxc2 20. Bxc2 Rc8 21. Bb3 Kf8 22. Rd1 Rc1 23. Rxc1 Bxc1 24. Kf1 Ke7 25. Ke2 Kd6
26. Kd3 Ba3 27. Kc4 a5 28. Ba4 Bb4 29. Kd3 Bc5 30. Bb5 Bb4 {1/2-1/2 (30) Guo,Q
(2439)-Tan,Z (2483) Manila 2013}) 17. Qa4 Rc7 18. Bd3 Rxc2 19. Bxc2 Rc8 20. Rd1
Qc3 21. Bb3 Qc5 22. g3 Bf6 23. Rd7 Rc7 24. Rxc7 Qxc7 25. Qe8+ Kh7 26. h4 g6 27.
Qa8 Kg7 28. Kg2 h5 29. Qe4 a5 30. Ba4 Qc5 31. Qb7 Qb4 32. Qxb4 axb4 33. Kf3 Bc3
34. Kg2 Be1 35. Kf1 Bc3 36. Kg2 Be1 37. Kf1 Bc3 38. Kg2 1/2-1/2